[Event "SVK-chT3B2 2324"]
[Site "Slovakia"]
[Date "2024.02.04"]
[Round "7.5"]
[White "Vastik, Tomas"]
[Black "Kamas, Samuel"]
[Result "0-1"]
[WhiteElo "1637"]
[BlackElo "1813"]
[PlyCount "70"]
[EventDate "2023.10.15"]
[EventType "team-tourn"]
[EventRounds "11"]
[EventCountry "SVK"]
[SourceTitle "EXT 2025"]
[Source "ChessBase"]
[SourceDate "2024.10.14"]
[SourceVersion "1"]
[SourceVersionDate "2024.10.14"]
[SourceQuality "1"]
[WhiteTeam "Belusa"]
[BlackTeam "Povazska Bystrica II"]
[WhiteTeamCountry "SVK"]
[BlackTeamCountry "SVK"]

1. e4 e5 2. Nf3 Nc6 3. Bb5 a6 4. Ba4 b5 5. Bb3 Bc5 6. d3 h6 7. Be3 Bxe3 8. fxe3 Nf6 9. h3 0-0 10. 0-0 Bb7 11. Nbd2 d5 12. Bxd5 Nxd5 13. exd5 Qxd5 14. Nb3 e4 15. dxe4 Qxe4 16. Qe2 Ne5 17. Nc5 Nxf3+ 18. Rxf3 Qd5 19. Nxb7 Qxb7 20. Rd1 Rad8 21. Rd3 Qe4 22. Rf4 Qe5 23. c3 Rfe8 24. Rf3 Qe4 25. Rxd8 Rxd8 26. a3 Re8 27. Kh2 f5 28. Qf2 Re5 29. Qd2 Rd5 30. Qf2 Qe5+ 31. Rg3 c5 32. Qe2 c4 33. h4 f4 34. Rf3 fxe3+ 35. Kg1 Rd3 0-1

[Event "SVK-chT3B2 2324"]
[Site "Slovakia"]
[Date "2023.10.22"]
[Round "2.6"]
[White "Krisko, Milan"]
[Black "Kamas, Samuel"]
[Result "0-1"]
[WhiteElo "1714"]
[BlackElo "1813"]
[PlyCount "106"]
[EventDate "2023.10.15"]
[EventType "team-tourn"]
[EventRounds "11"]
[EventCountry "SVK"]
[SourceTitle "EXT 2025"]
[Source "ChessBase"]
[SourceDate "2024.10.14"]
[SourceVersion "1"]
[SourceVersionDate "2024.10.14"]
[SourceQuality "1"]
[WhiteTeam "Handlova"]
[BlackTeam "Povazska Bystrica II"]
[WhiteTeamCountry "SVK"]
[BlackTeamCountry "SVK"]

1. e4 e5 2. Nf3 Nc6 3. Bb5 a6 4. Ba4 b5 5. Bb3 Bc5 6. c3 Nf6 7. 0-0 0-0 8. d4 exd4 9. cxd4 Bb4 10. a3 Ba5 11. Bc2 d6 12. h3 h6 13. b4 Bb6 14. Nc3 Re8 15. Bf4 Bb7 16. Re1 Ne7 17. Qd3 Ng6 18. Bh2 Qd7 19. Rac1 Re7 20. Nd2 Rae8 21. Kf1 c5 22. dxc5 dxc5 23. Qxd7 Rxd7 24. Nb3 cxb4 25. axb4 Rc8 26. Nd5 Nxd5 27. exd5 Rxd5 28. Bxg6 Rxc1 29. Bxf7+ Kxf7 30. Rxc1 Rf5 31. Bg3 Bd5 32. Nd2 g5 33. Ra1 Bb7 34. Rc1 h5 35. h4 gxh4 36. Bxh4 Rf4 37. Bg3 Rxb4 38. Bc7 Bd4 39. Ba5 Ra4 40. Rc7+ Ke6 41. Rxb7 Ra1+ 42. Ke2 Rxa5 43. Ne4 Kd5 44. Nd2 Kc6 45. Rh7 b4 46. Rh6+ Kb7 47. Rh7+ Kb8 48. Rd7 Bc3 49. f4 Kc8 50. Rd3 Ra2 51. f5 Bxd2 52. Rxd2 Rxd2+ 53. Kxd2 Kd7 0-1

[Event "SVK-chT3B2 2223"]
[Site "Slovakia"]
[Date "2022.10.23"]
[Round "1.7"]
[White "Kutny, Marian1"]
[Black "Kamas, Samuel"]
[Result "0-1"]
[WhiteElo "1479"]
[BlackElo "1791"]
[PlyCount "42"]
[EventDate "2022.10.23"]
[EventType "team-tourn"]
[EventRounds "11"]
[EventCountry "SVK"]
[SourceTitle "EXT 2024"]
[Source "ChessBase"]
[SourceDate "2023.10.10"]
[SourceVersion "1"]
[SourceVersionDate "2023.10.10"]
[SourceQuality "1"]
[WhiteTeam "Belusa II"]
[BlackTeam "Povazska Bystrica Sparta II"]
[WhiteTeamCountry "SVK"]
[BlackTeamCountry "SVK"]

1. e4 e5 2. Bc4 Nf6 3. d3 Nc6 4. Nf3 Bc5 5. Bg5 h6 6. Bh4 d6 7. h3 Be6 8. Bb5 a6 9. Bxc6+ bxc6 10. 0-0 Rb8 11. b3 g5 12. Bg3 Nh5 13. Bh2 g4 14. Nxe5 dxe5 15. hxg4 Nf4 16. Bxf4 exf4 17. Qf3 Qg5 18. e5 Bd5 19. Qe2 h5 20. c4 hxg4 21. cxd5 Qh4 0-1

[Event "SVK-chT3B2 1819"]
[Site "Slovakia"]
[Date "2019.04.14"]
[Round "11.7"]
[White "Marko, Zdenko"]
[Black "Kamas, Samuel"]
[Result "0-1"]
[WhiteElo "1507"]
[BlackElo "1814"]
[PlyCount "62"]
[EventDate "2018.10.21"]
[EventType "team-tourn"]
[EventRounds "11"]
[EventCountry "SVK"]
[SourceTitle "EXT 2020"]
[Source "ChessBase"]
[SourceDate "2019.10.17"]
[SourceVersion "1"]
[SourceVersionDate "2019.10.17"]
[SourceQuality "1"]
[WhiteTeam "Chynorany"]
[BlackTeam "Povazska Bystrica Sparta"]
[WhiteTeamCountry "SVK"]
[BlackTeamCountry "SVK"]

1. e4 e5 2. Nf3 Nc6 3. Bc4 Bc5 4. d3 Nf6 5. Be3 Bb6 6. Nc3 d6 7. Nd5 Nxd5 8. Bxd5 Ne7 9. Bb3 0-0 10. h3 h6 11. 0-0 Ng6 12. Nd2 Be6 13. c4 Bxe3 14. fxe3 Qg5 15. Qe2 Bxh3 16. Nf3 Bg4 17. Qf2 Bxf3 18. Qxf3 Nh4 19. Qf2 f5 20. Qd2 fxe4 21. Rxf8+ Rxf8 22. Kh1 exd3 23. c5+ Kh8 24. cxd6 cxd6 25. Bd5 Qh5 26. Kg1 Qe2 27. Qxe2 dxe2 28. Bxb7 Rb8 29. Ba6 Rxb2 30. a4 Rd2 31. Kf2 Rd1 0-1

[Event "SVK-chT3B2 1819"]
[Site "Slovakia"]
[Date "2019.01.13"]
[Round "5.6"]
[White "Masar, Jan"]
[Black "Kamas, Samuel"]
[Result "1/2-1/2"]
[WhiteElo "1794"]
[BlackElo "1814"]
[PlyCount "40"]
[EventDate "2018.10.21"]
[EventType "team-tourn"]
[EventRounds "11"]
[EventCountry "SVK"]
[SourceTitle "CBM 189 Extra"]
[Source "ChessBase"]
[SourceDate "2019.05.31"]
[SourceVersion "1"]
[SourceVersionDate "2019.05.31"]
[SourceQuality "1"]
[WhiteTeam "Handlova"]
[BlackTeam "Povazska Bystrica Sparta"]
[WhiteTeamCountry "SVK"]
[BlackTeamCountry "SVK"]

1. e4 e5 2. f4 d6 3. Nf3 Nc6 4. Bb5 Nge7 5. 0-0 a6 6. Ba4 Bd7 7. Nc3 exf4 8. d3 Ng6 9. Nd5 Nce7 10. Bxd7+ Qxd7 11. Nxf4 Nxf4 12. Bxf4 Ng6 13. Bg3 Be7 14. Qd2 Qc6 15. Kh1 Bf6 16. e5 dxe5 17. Rae1 0-0 18. Nxe5 Nxe5 19. Bxe5 Bxe5 20. Rxe5 Rfe8 1/2-1/2

[Event "SVK-chT2B 1718"]
[Site "Slovakia"]
[Date "2018.02.24"]
[Round "8.7"]
[White "Kamas, Samuel"]
[Black "Viczencz, Peter"]
[Result "1/2-1/2"]
[WhiteElo "1832"]
[BlackElo "1861"]
[PlyCount "39"]
[EventDate "2017.10.28"]
[EventType "team-tourn"]
[EventRounds "11"]
[EventCountry "SVK"]
[SourceTitle "EXT 2019"]
[Source "ChessBase"]
[SourceDate "2018.10.10"]
[SourceVersion "1"]
[SourceVersionDate "2018.10.10"]
[SourceQuality "1"]
[WhiteTeam "Povazska Bystrica"]
[BlackTeam "Komarno II"]
[WhiteTeamCountry "SVK"]
[BlackTeamCountry "SVK"]

1. e4 c5 2. Bc4 e6 3. Nc3 Nc6 4. Nf3 a6 5. a3 Qc7 6. 0-0 Nf6 7. Re1 d6 8. d4 cxd4 9. Nxd4 Be7 10. Nxc6 bxc6 11. Bf4 Bb7 12. e5 d5 13. exf6 Qxf4 14. fxg7 Rg8 15. Bd3 Rxg7 16. Ne2 Qh4 17. Ng3 Bc5 18. Qh5 Qf6 19. Qe2 Qg5 20. Qf3 1/2-1/2

[Event "SVK-chT3B2 1718"]
[Site "Slovakia"]
[Date "2017.10.08"]
[Round "1.6"]
[White "Flak, Lubomir"]
[Black "Kamas, Samuel"]
[Result "0-1"]
[WhiteElo "1679"]
[BlackElo "1825"]
[PlyCount "56"]
[EventDate "2017.10.08"]
[EventType "team-tourn"]
[EventRounds "11"]
[EventCountry "SVK"]
[SourceTitle "EXT 2019"]
[Source "ChessBase"]
[SourceDate "2018.10.10"]
[SourceVersion "1"]
[SourceVersionDate "2018.10.10"]
[SourceQuality "1"]
[WhiteTeam "Handlova"]
[BlackTeam "Povazska Bystrica Sparta II"]
[WhiteTeamCountry "SVK"]
[BlackTeamCountry "SVK"]

1. d4 d5 2. c4 e6 3. Nf3 Nf6 4. cxd5 exd5 5. Qc2 Nc6 6. a3 Bg4 7. e3 a6 8. Be2 Bd6 9. 0-0 0-0 10. Nc3 h6 11. Nd2 Bxe2 12. Nxe2 Re8 13. Ng3 Ne7 14. Nf5 Nxf5 15. Qxf5 Qd7 16. Qxd7 Nxd7 17. Nf3 Nb6 18. b3 c6 19. Bb2 Nd7 20. Rfd1 Nf6 21. Rac1 Rac8 22. a4 Ne4 23. Rc2 Bb4 24. Rd3 Red8 25. Bc1 c5 26. Ne5 cxd4 27. Rxc8 Rxc8 28. Rd1 Nc3 0-1

[Event "SVK-ch U18/20"]
[Site "Liptovsky Mikulas"]
[Date "2016.04.19"]
[Round "5"]
[White "Kamas, Samuel"]
[Black "Mojs, Richard"]
[Result "1-0"]
[WhiteElo "1762"]
[BlackElo "1494"]
[PlyCount "65"]
[EventDate "2016.04.16"]
[EventType "swiss"]
[EventRounds "9"]
[EventCountry "SVK"]
[SourceTitle "CBM 172 Extra"]
[Source "ChessBase"]
[SourceDate "2016.06.21"]
[SourceVersion "1"]
[SourceVersionDate "2016.06.21"]
[SourceQuality "1"]

1. e4 e5 2. Nf3 Nf6 3. Nc3 Nc6 4. Bc4 Bb4 5. 0-0 0-0 6. Re1 d6 7. h3 Be6 8. Bxe6 fxe6 9. a3 Bc5 10. d3 Qe8 11. Be3 Bb6 12. Na4 Qg6 13. Nxb6 axb6 14. c3 d5 15. exd5 exd5 16. Bg5 Rae8 17. Bh4 Nh5 18. Kh1 Nf4 19. Bg3 e4 20. dxe4 dxe4 21. Nd2 Nd3 22. Re2 e3 23. Nf3 exf2 24. Bxf2 Nf4 25. Nh4 Qf6 26. Rxe8 Rxe8 27. Qf3 Ne5 28. Qg3 Nfd3 29. Bd4 c5 30. Bxe5 Qxe5 31. Qxd3 g5 32. Nf3 Qg3 33. Qd5+ 1-0

[Event "SVK-ch U18/20"]
[Site "Liptovsky Mikulas"]
[Date "2016.04.18"]
[Round "3"]
[White "Kamas, Samuel"]
[Black "Chrenko, Kristian"]
[Result "0-1"]
[WhiteElo "1762"]
[BlackElo "1960"]
[PlyCount "70"]
[EventDate "2016.04.16"]
[EventType "swiss"]
[EventRounds "9"]
[EventCountry "SVK"]
[SourceTitle "CBM 172 Extra"]
[Source "ChessBase"]
[SourceDate "2016.06.21"]
[SourceVersion "1"]
[SourceVersionDate "2016.06.21"]
[SourceQuality "1"]

1. e4 e5 2. Nf3 Nc6 3. Bc4 Bc5 4. 0-0 Nf6 5. d3 d6 6. h3 Be6 7. Bb3 Qd7 8. Bg5 h6 9. Bxe6 Qxe6 10. Be3 Bb6 11. Nc3 g5 12. Nh2 0-0-0 13. Ne2 Rdg8 14. Ng3 g4 15. hxg4 Nxg4 16. Nxg4 Rxg4 17. Bxb6 axb6 18. Nf5 Rhg8 19. g3 h5 20. Kg2 h4 21. c3 hxg3 22. fxg3 Ne7 23. Nxe7+ Qxe7 24. Rf3 Qg5 25. Qe1 Rh8 26. Qe3 Qh4 27. Rg1 Qh2+ 28. Kf1 Qxb2 29. Rf2 Qxc3 30. Qf3 Qc1+ 31. Kg2 Qg5 32. Kf1 Rg8 33. Qxf7 Qc1+ 34. Ke2 Qc2+ 35. Ke1 Qxd3 0-1

[Event "SVK-ch U18/20"]
[Site "Liptovsky Mikulas"]
[Date "2016.04.16"]
[Round "1"]
[White "Kamas, Samuel"]
[Black "Molnar, Erno"]
[Result "0-1"]
[WhiteElo "1762"]
[BlackElo "2162"]
[PlyCount "138"]
[EventDate "2016.04.16"]
[EventType "swiss"]
[EventRounds "9"]
[EventCountry "SVK"]
[SourceTitle "CBM 172 Extra"]
[Source "ChessBase"]
[SourceDate "2016.06.21"]
[SourceVersion "1"]
[SourceVersionDate "2016.06.21"]
[SourceQuality "1"]

1. e4 e5 2. Nf3 Nc6 3. Bc4 Bc5 4. 0-0 d6 5. h3 Nf6 6. d3 h6 7. Be3 Bxe3 8. fxe3 0-0 9. Nc3 Na5 10. Bb3 Nxb3 11. axb3 c6 12. d4 Qe7 13. Qe2 Re8 14. Rfe1 b6 15. Qd3 a5 16. Qc4 Bb7 17. b4 b5 18. Qb3 a4 19. Qa2 Nd7 20. d5 Nb6 21. Rad1 cxd5 22. exd5 Qd7 23. e4 Rec8 24. Nd2 Nc4 25. Nxc4 Rxc4 26. Qa3 Rac8 27. Rd2 Qd8 28. Kh1 Qb6 29. Ree2 Rd4 30. Nd1 Rcc4 31. Qe3 Qa6 32. Nf2 Rxb4 33. Nd3 Rbc4 34. Qf3 Rc8 35. Rf2 f6 36. c3 Rdc4 37. Nb4 Qb6 38. Qf5 Qd8 39. Rf3 Qe8 40. Qe6+ Qxe6 41. dxe6 Bxe4 42. Re3 Re8 43. Rxd6 Bf5 44. Rb6 Rc5 45. Na6 Rcc8 46. Rxb5 Bxe6 47. Nc5 Bc4 48. Ra5 Bb3 49. Nxa4 Red8 50. Nc5 Rd1+ 51. Kh2 Bd5 52. Rg3 Rc7 53. b4 Rd2 54. Nd3 Bxg2 55. Rxg2 Rxd3 56. b5 Rcxc3 57. Ra8+ Kh7 58. Rb2 Rxh3+ 59. Kg2 Rcg3+ 60. Kf1 Rh1+ 61. Kf2 Rh2+ 62. Kxg3 Rxb2 63. Rb8 Rb3+ 64. Kf2 h5 65. b6 h4 66. b7 h3 67. Kg1 Rb2 68. Kh1 h2 69. Rd8 Rxb7 0-1

[Event "SVK-chT2B 1516"]
[Site "Slovakia"]
[Date "2015.12.05"]
[Round "5.3"]
[White "Kamas, Samuel"]
[Black "Mrazik, Vladislav"]
[Result "1/2-1/2"]
[WhiteElo "1797"]
[BlackElo "1826"]
[PlyCount "42"]
[EventDate "2015.10.17"]
[EventType "team-tourn"]
[EventRounds "11"]
[EventCountry "SVK"]
[SourceTitle "EXT 2019"]
[Source "ChessBase"]
[SourceDate "2018.10.10"]
[SourceVersion "1"]
[SourceVersionDate "2018.10.10"]
[SourceQuality "1"]
[WhiteTeam "Povazska Bystrica SKS II"]
[BlackTeam "Trencin PK"]
[WhiteTeamCountry "SVK"]
[BlackTeamCountry "SVK"]

1. e4 e6 2. d4 d5 3. exd5 exd5 4. Nc3 c6 5. Bd3 Bd6 6. Nf3 Ne7 7. h3 Bf5 8. 0-0 0-0 9. Re1 Bxd3 10. Qxd3 Nd7 11. Bd2 Ng6 12. Ne2 Re8 13. Qb3 Qb6 14. Qxb6 Nxb6 15. b3 f6 16. g3 Re7 17. Nc3 Rae8 18. Rxe7 Rxe7 19. Re1 Rxe1+ 20. Bxe1 Bb4 21. Nd1 Bxe1 1/2-1/2

[Event "SVK-ch op"]
[Site "Banska Stiavnica"]
[Date "2015.07.11"]
[Round "8"]
[White "Kamas, Samuel"]
[Black "Neumann, Filip"]
[Result "1/2-1/2"]
[WhiteElo "1805"]
[BlackElo "1603"]
[PlyCount "97"]
[EventDate "2015.07.04"]
[EventType "swiss"]
[EventRounds "9"]
[EventCountry "SVK"]
[SourceTitle "CBM 167 Extra"]
[Source "ChessBase"]
[SourceDate "2015.09.14"]
[SourceVersion "1"]
[SourceVersionDate "2015.09.14"]
[SourceQuality "1"]

1. e4 e6 2. d4 d5 3. exd5 exd5 4. Nf3 Nf6 5. Nc3 c6 6. Be2 Bd6 7. 0-0 0-0 8. h3 Bf5 9. Bd3 Bxd3 10. Qxd3 Qc7 11. Re1 Nbd7 12. Bg5 Rfe8 13. Rxe8+ Rxe8 14. Re1 h6 15. Rxe8+ Nxe8 16. Be3 Nef6 17. Nh4 Bf4 18. Nf5 Bxe3 19. Qxe3 Qb8 20. Qe7 Qe8 21. Na4 Qxe7 22. Nxe7+ Kf8 23. Nc8 a6 24. f3 Ne8 25. Kf2 f6 26. Ncb6 Nxb6 27. Nxb6 Nd6 28. Nd7+ Kf7 29. Nc5 g5 30. b3 f5 31. Ke3 f4+ 32. Kd3 a5 33. c4 Ke7 34. cxd5 cxd5 35. Na4 Ne8 36. Nc3 Nc7 37. Nd1 b5 38. Nf2 h5 39. Kc3 Ne6 40. a3 b4+ 41. axb4 axb4+ 42. Kxb4 Nxd4 43. Kc5 Nxb3+ 44. Kxd5 Kf6 45. Ne4+ Kg6 46. Ke5 Nc1 47. Nc5 h4 48. Ke6 Ne2 49. Nd3 1/2-1/2

[Event "SVK-ch op"]
[Site "Banska Stiavnica"]
[Date "2015.07.07"]
[Round "4"]
[White "Kamas, Samuel"]
[Black "Milcova, Zuzana"]
[Result "0-1"]
[WhiteElo "1805"]
[BlackElo "1998"]
[PlyCount "144"]
[EventDate "2015.07.04"]
[EventType "swiss"]
[EventRounds "9"]
[EventCountry "SVK"]
[SourceTitle "CBM 167 Extra"]
[Source "ChessBase"]
[SourceDate "2015.09.14"]
[SourceVersion "1"]
[SourceVersionDate "2015.09.14"]
[SourceQuality "1"]

1. e4 d5 2. exd5 Qxd5 3. Nf3 Nf6 4. Nc3 Qd6 5. Bc4 c6 6. d3 Bf5 7. h3 h6 8. 0-0 e6 9. Be3 Nbd7 10. Nd2 Qc7 11. a3 Be7 12. b4 0-0 13. Ne2 Nd5 14. Nd4 Bh7 15. Bxd5 exd5 16. Qe2 Bf6 17. Rac1 Kh8 18. Qg4 Ne5 19. Qg3 Qd7 20. N2f3 Nxf3+ 21. Nxf3 Rfe8 22. Rfe1 a5 23. Bb6 axb4 24. axb4 Bg6 25. Ne5 Bxe5 26. Rxe5 Rxe5 27. Qxe5 Re8 28. Qc7 Qxc7 29. Bxc7 Bf5 30. Kf1 Ra8 31. Ba5 Ra6 32. Bc7 Ra2 33. Bd6 Kg8 34. Ke2 h5 35. h4 f6 36. g3 Kf7 37. Ke3 Ke6 38. Bf8 g6 39. Bc5 Ra4 40. Kd2 Kd7 41. Re1 Be6 42. Rc1 Ra6 43. Kc3 Ra8 44. Kd2 g5 45. hxg5 fxg5 46. Rh1 Bg4 47. Re1 Re8 48. Rxe8 Kxe8 49. Be3 h4 50. gxh4 gxh4 51. Bg5 h3 52. Bf4 d4 53. c3 dxc3+ 54. Kxc3 b5 55. Kd4 Kf7 56. Ke5 Kg6 57. d4 Bf3 58. Bg3 Kg5 59. Bf4+ Kg4 60. Bg3 Bd5 61. Kd6 Kf3 62. Kc5 Kg2 63. Kd6 Bf3 64. Ke5 h2 65. Bxh2 Kxh2 66. Kf4 Bd5 67. Kg4 Kg2 68. f4 Kf2 69. Kf5 Kf3 70. Ke5 Kg4 71. f5 Kg5 72. f6 Kg6 0-1

[Event "SVK-ch U16"]
[Site "Tatralandia"]
[Date "2015.04.20"]
[Round "4"]
[White "Kamas, Samuel"]
[Black "Haring, Viktor"]
[Result "0-1"]
[WhiteElo "1441"]
[BlackElo "2201"]
[PlyCount "34"]
[EventDate "2015.04.18"]
[EventType "swiss"]
[EventRounds "9"]
[EventCountry "SVK"]
[SourceTitle "CBM 166 Extra"]
[Source "ChessBase"]
[SourceDate "2015.06.18"]
[SourceVersion "1"]
[SourceVersionDate "2015.06.18"]
[SourceQuality "1"]

1. e4 c5 2. Nf3 Nc6 3. Bc4 g6 4. 0-0 Bg7 5. Nc3 e6 6. d3 Nge7 7. Bf4 d5 8. exd5 exd5 9. Bb5 0-0 10. Qd2 Bg4 11. Qe2 Nd4 12. Qd1 a6 13. Ba4 b5 14. Bb3 c4 15. dxc4 dxc4 16. Bxc4 bxc4 17. Re1 Nef5 0-1

[Event "SVK-ch U16"]
[Site "Tatralandia"]
[Date "2015.04.20"]
[Round "3"]
[White "Kralik, Erik"]
[Black "Kamas, Samuel"]
[Result "0-1"]
[WhiteElo "1644"]
[BlackElo "1441"]
[PlyCount "88"]
[EventDate "2015.04.18"]
[EventType "swiss"]
[EventRounds "9"]
[EventCountry "SVK"]
[SourceTitle "CBM 166 Extra"]
[Source "ChessBase"]
[SourceDate "2015.06.18"]
[SourceVersion "1"]
[SourceVersionDate "2015.06.18"]
[SourceQuality "1"]

1. d4 d5 2. e3 Nf6 3. Nf3 Bg4 4. h3 Bh5 5. Be2 e6 6. Nbd2 Nbd7 7. c4 c5 8. cxd5 exd5 9. dxc5 Bxc5 10. a3 0-0 11. b4 Bd6 12. Bb2 Qe7 13. 0-0 Nb6 14. Bd4 Nfd7 15. Nb3 Nc4 16. Nbd2 Ncb6 17. Rc1 Rfc8 18. Rxc8+ Rxc8 19. Nb3 Nc4 20. Qa1 Be5 21. g4 Bg6 22. Nxe5 Ndxe5 23. Rc1 Rc7 24. Qc3 Rc6 25. b5 Re6 26. f4 Nd7 27. f5 Bxf5 28. gxf5 Qg5+ 29. Bg4 Re4 30. Kf2 h5 31. Bf3 Qxf5 32. Ke2 Rh4 33. Bxd5 Nxa3 34. Qc8+ Kh7 35. Qxb7 Qxh3 36. Be4+ g6 37. Qc8 Qg4+ 38. Kd3 Qxe4+ 39. Kc3 Nxb5+ 40. Kb2 Nxd4 41. Qxd7 Rh2+ 42. Ka3 Nc2+ 43. Ka2 Nxe3+ 44. Ka1 Qe5+ 0-1

[Event "SVK-chT2B 1415"]
[Site "Slovakia"]
[Date "2014.12.06"]
[Round "5.1"]
[White "Buco, Martin"]
[Black "Kamas, Samuel"]
[Result "0-1"]
[WhiteElo "1471"]
[BlackElo "1412"]
[PlyCount "110"]
[EventDate "2014.10.11"]
[EventType "team-tourn"]
[EventRounds "11"]
[EventCountry "SVK"]
[SourceTitle "EXT 2019"]
[Source "ChessBase"]
[SourceDate "2018.10.10"]
[SourceVersion "1"]
[SourceVersionDate "2018.10.10"]
[SourceQuality "1"]
[WhiteTeam "Povazske Podhradie SK"]
[BlackTeam "Povazska Bystrica SKS II"]
[WhiteTeamCountry "SVK"]
[BlackTeamCountry "SVK"]

1. e4 e5 2. Nc3 Nc6 3. Bc4 Bc5 4. Nf3 Nf6 5. d3 h6 6. Be3 Bb6 7. Nd5 d6 8. c3 Na5 9. Bxb6 axb6 10. Bb3 Nxb3 11. Qxb3 Nxd5 12. Qxd5 0-0 13. 0-0 c6 14. Qb3 Bg4 15. Nd2 Qg5 16. Nc4 b5 17. Ne3 Be2 18. Rfe1 Bxd3 19. Rad1 Bxe4 20. f3 Bxf3 21. Rd2 Bd5 22. Qd1 Rxa2 23. Nxd5 cxd5 24. Qc2 Rfa8 25. Rxd5 Ra1 26. Red1 Qe3+ 27. Kf1 Rxd1+ 28. Qxd1 Qf4+ 29. Kg1 Qa4 30. Rxd6 Qxd1+ 31. Rxd1 f6 32. Kf2 Ra2 33. Rd2 Kf7 34. Ke3 Ke6 35. Kd3 Ra6 36. Kc2 Rd6 37. Re2 f5 38. Kb3 b6 39. Kb4 Rd5 40. b3 e4 41. g3 g5 42. Re1 Ke5 43. Re2 f4 44. gxf4+ gxf4 45. Rg2 e3 46. Re2 Ke4 47. c4 bxc4 48. bxc4 f3 49. Rxe3+ Kxe3 50. cxd5 f2 51. Kb5 f1Q+ 52. Kxb6 Qc4 53. d6 Qc8 54. h4 Kd4 55. h5 Kd5 0-1

[Event "SVK-chT3B2 1213"]
[Site "Slovakia"]
[Date "2012.12.09"]
[Round "4.7"]
[White "Kamas, Samuel"]
[Black "Hrebicik, David"]
[Result "0-1"]
[WhiteElo "1348"]
[BlackElo "1095"]
[PlyCount "120"]
[EventDate "2012.10.28"]
[EventType "team-tourn"]
[EventRounds "14"]
[EventCountry "SVK"]
[SourceTitle "EXT 2022"]
[Source "ChessBase"]
[SourceDate "2021.10.06"]
[SourceVersion "1"]
[SourceVersionDate "2021.10.06"]
[SourceQuality "1"]
[WhiteTeam "Povazska Bystrica II"]
[BlackTeam "Podhradie Povazske"]
[WhiteTeamCountry "SVK"]
[BlackTeamCountry "SVK"]

1. e4 c5 2. Bc4 Nc6 3. Nf3 e6 4. Nc3 Nf6 5. 0-0 Be7 6. d3 0-0 7. h3 d5 8. exd5 Nxd5 9. Nxd5 exd5 10. Bb5 Bd7 11. Re1 Bf6 12. c3 Re8 13. Be3 d4 14. Bxc6 Bxc6 15. cxd4 cxd4 16. Bd2 Qd5 17. Qc2 Re5 18. Qc4 Rxe1+ 19. Rxe1 Qxc4 20. dxc4 Bxf3 21. gxf3 h6 22. Re4 Rc8 23. b3 Rc7 24. Bf4 Re7 25. Rxe7 Bxe7 26. Be5 Bf6 27. Bxf6 gxf6 28. Kf1 Kg7 29. Ke2 Kg6 30. Kd3 Kf5 31. Ke2 Kg5 32. b4 Kh4 33. Kd3 Kxh3 34. Kxd4 h5 35. b5 b6 36. c5 bxc5+ 37. Kxc5 Kg2 38. Kc6 h4 39. Kb7 h3 40. Kxa7 h2 41. b6 h1Q 42. b7 Qa1 43. b8Q Qxa2+ 44. Kb7 Qb3+ 45. Kc8 Qxb8+ 46. Kxb8 Kxf3 47. Kc7 Kxf2 48. Kd6 Ke3 49. Kd5 f5 50. Ke5 f4 51. Kf5 f3 52. Kf6 f2 53. Ke7 f1Q 54. Kf8 f5 55. Kf7 Qa6 56. Ke7 Ke4 57. Kf7 Ke5 58. Kg7 Qf6+ 59. Kh7 Qg5 60. Kh8 Kf6 0-1

[Event "SVK-chT3B2 1213"]
[Site "Slovakia"]
[Date "2012.11.11"]
[Round "2.8"]
[White "Kamas, Samuel"]
[Black "Hoppan, Igor1"]
[Result "0-1"]
[WhiteElo "1348"]
[BlackElo "1470"]
[PlyCount "46"]
[EventDate "2012.10.28"]
[EventType "team-tourn"]
[EventRounds "14"]
[EventCountry "SVK"]
[SourceTitle "EXT 2022"]
[Source "ChessBase"]
[SourceDate "2021.10.06"]
[SourceVersion "1"]
[SourceVersionDate "2021.10.06"]
[SourceQuality "1"]
[WhiteTeam "Povazska Bystrica II"]
[BlackTeam "Prievidza SK III"]
[WhiteTeamCountry "SVK"]
[BlackTeamCountry "SVK"]

1. e4 e5 2. Nf3 Nc6 3. Bc4 Bc5 4. Nc3 d6 5. h3 Nf6 6. 0-0 a6 7. d3 Ne7 8. Bg5 Ng6 9. Nd5 Nf4 10. Nxf6+ gxf6 11. Bxf4 exf4 12. Qd2 Rg8 13. Kh2 Qd7 14. Qxf4 Ke7 15. e5 Rxg2+ 16. Kxg2 Qxh3+ 17. Kg1 dxe5 18. Nxe5 Be6 19. Bxe6 Rg8+ 20. Bg4 Bd6 21. Ng6+ Rxg6 22. Qe4+ Kf8 23. Qxg6 Qh2# 0-1